Experience of American literature (Record no. 71016)

MARC details
000 -LEADER
fixed length control field 00408nam a2200145Ia 4500
008 - FIXED-LENGTH DATA ELEMENTS--GENERAL INFORMATION
fixed length control field 230917s9999||||xx |||||||||||||| ||und||
040 ## - CATALOGING SOURCE
-- 130386
Original cataloging agency VIVEKANANDA LIBRARY
041 ## - Language
-- English
082 ## - DDC NUMBER
Classification number 810.9 R126E
100 ## - MAIN ENTRY--PERSONAL NAME
Personal name Ragavacharyulu, D V K, ed.
245 #0 - TITLE STATEMENT
Title Experience of American literature
260 ## - PUBLICATION, DISTRIBUTION, ETC. (IMPRINT)
Place of publication, distribution, etc New Delhi
Name of publisher, distributor, etc United States Educational Foundation in India
Date of publication, distribution, etc 1969
300 ## - PHYSICAL DESCRIPTION
Pages xix, 487 p.
942 ## - ADDED ENTRY ELEMENTS (KOHA)
Koha item type Books
Holdings
Withdrawn status Lost status Damaged status Not for loan Location (home branch) Sublocation or collection (holding branch) Date acquired Koha issues (times borrowed) Koha full call number Accession No. Koha date last seen Koha item type
        VIVEKANANDA LIBRARY VIVEKANANDA LIBRARY 02/02/2010   810.9 R126E 14457 17/09/2023 Books
© Designed and Maintained by Vivekananda Library, MDU Rohtak